LEADER 02512oam 2200805zu 450 001 9910140568103321 005 20210807001422.0 010 $a0-470-68461-5 035 $a(CKB)2670000000029014 035 $a(SSID)ssj0000357281 035 $a(PQKBManifestationID)11286651 035 $a(PQKBTitleCode)TC0000357281 035 $a(PQKBWorkID)10352900 035 $a(PQKB)10782004 035 $a(EXLCZ)992670000000029014 100 $a20160829d2010 uy 101 0 $aeng 181 $ctxt 182 $cc 183 $acr 200 10$aBody dysmorphic disorder : a treatment manual 210 31$a[Place of publication not identified]$cWiley Blackwell$d2010 300 $aBibliographic Level Mode of Issuance: Monograph 311 $a0-470-85120-1 606 $aBody dysmorphic disorder$xTreatment$vHandbooks, manuals, etc 606 $aSomatoform Disorders 606 $aObsessive-Compulsive Disorder 606 $aSelf Concept 606 $aBody Image 606 $aMental Disorders 606 $aPerception 606 $aPersonality Development 606 $aAnxiety Disorders 606 $aPersonality 606 $aPsychiatry and Psychology 606 $aMental Processes 606 $aPsychological Phenomena and Processes 606 $aBehavior and Behavior Mechanisms 606 $aPsychiatric Disorders, Individual$2HILCC 606 $aClinical Endocrinology$2HILCC 606 $aMedicine$2HILCC 606 $aPsychiatry$2HILCC 606 $aHealth & Biological Sciences$2HILCC 615 0$aBody dysmorphic disorder$xTreatment 615 2$aSomatoform Disorders 615 2$aObsessive-Compulsive Disorder 615 2$aSelf Concept 615 2$aBody Image 615 2$aMental Disorders 615 2$aPerception 615 2$aPersonality Development 615 2$aAnxiety Disorders 615 2$aPersonality 615 2$aPsychiatry and Psychology 615 2$aMental Processes 615 2$aPsychological Phenomena and Processes 615 2$aBehavior and Behavior Mechanisms 615 7$aPsychiatric Disorders, Individual 615 7$aClinical Endocrinology 615 7$aMedicine 615 7$aPsychiatry 615 7$aHealth & Biological Sciences 676 $a616.85/2 700 $aVeale$b David$0856903 702 $aNeziroglu$b Fugen A 801 0$bPQKB 906 $aBOOK 912 $a9910140568103321 996 $aBody dysmorphic disorder : a treatment manual$92027390 997 $aUNINA LEADER 04717nam 2200661 a 450 001 9910457804803321 005 20200520144314.0 010 $a1-283-35958-8 010 $a9786613359582 010 $a90-272-8060-6 035 $a(CKB)2550000000074306 035 $a(EBL)805771 035 $a(OCoLC)769342183 035 $a(SSID)ssj0000633109 035 $a(PQKBManifestationID)11389685 035 $a(PQKBTitleCode)TC0000633109 035 $a(PQKBWorkID)10620114 035 $a(PQKB)10549469 035 $a(MiAaPQ)EBC805771 035 $a(Au-PeEL)EBL805771 035 $a(CaPaEBR)ebr10517190 035 $a(EXLCZ)992550000000074306 100 $a19831206d1982 uy 0 101 0 $aeng 135 $aur|n|---||||| 181 $ctxt 182 $cc 183 $acr 200 10$aCatastrophe theoretic semantics$b[electronic resource] $ean elaboration and application of Rene? Thom's theory /$fby Wolfgang Wildgen 210 $aAmsterdam ;$aPhiladelphia $cJ. Benjamins$d1982 215 $a1 online resource (128 p.) 225 1 $aPragmatics & beyond,$x0166-6258 ;$v3:5 300 $aIncludes index. 311 $a90-272-2525-7 320 $aBibliography: p. [115]-122. 327 $aCATASTROPHE THEORETIC SEMANTICS An Elaboration and Application of Rene? Thorn's Theory; Editorial page; Title page; Dedication; Copyrigh page; Table of contents; INTRODUCTION; 1. APPLIED CATASTROPHE THEORY: A SHORT INTRODUCTION; 1.1. A sketch of the mathematical basis; 1.2. Catastrophe Conventions.; 1.3. The finite set of typical paths in the elementary unfoldings; 1.4. An example: the standard cusp; 2. SEMANTICS FROM A DYNAMIC PERSPECTIVE; 2.1. Aspects of dynamic semiotics; 2.2. The type o f semantics aimed at by our model construction 327 $a2.3. Formal semantics on the basis of catastrophe theory: a comparison with logical semantics2.4. Principles of interpretation; 2.5. Rene Thorn's list of semantic archetypes; 3. THE HEART OF CATASTROPHE THEORETIC SEMANTICS: THE SET OF SEMANTIC ARCHETYPES; 3.1. The semantic archetypes derivable from the zero-unfolding; 3.2. The semantic archetypes derivable from the fold; 3.3. The semantic archetypes derivable from the cusp; 3.3.1 The standard cusp (A+3); 3.3.2. The dual cusp (A-3); 3.3.3. Versal unfoldings of the standard cusp 327 $a3.3.4. Introducing higher archetypes: The archetype of bipolar differentiation3.4 The semantic archetypes derivable from the swallowtail; 3.5 The semantic archetypes derivable from the butterfly; 3.5.1 Sketching the geometry of the standard butterfly (A+5); 3.5.2 Derivations on the basis of the perfect delay convention; 3.5.3. Derivations on the basis of the Maxwell convention; 3.5.4. Some semi-elementary archetypes derivable from the dual butterfly(A-5); 3.5.5. Summary of the archetypes derived from the butterfly; (1) Elementary archetypes.; (2) Semi-elementary archetypes 327 $a(3) Higher archetypes3.6 Archetypes derivable from unfoldings with codimension > 4 and corank 1; 3.7 Semantic archetypes derivable from the compactified umbilics (D+4 D-4,D5); 4. APPLICATION OF CATASTROPHE THEORETIC SEMANTICS; 4.1. Dynamic inferences; 4.2 Word semantics; 4.3 Linguistic vagueness; 4.4. Compositional processes; 4.5. Application in neurolinguistics; 5. BEYOND CATASTROPHE THEORETIC SEMANTICS; 5.1. Beyond semantics: towards a dynamic theory of language; 5.2. Beyond Catastrophe Theory; FOOTNOTES; REFERENCES; INDEX 330 $aRene? Thom, the famous French mathematician and founder of catastrophe theory, considered linguistics an exemplary field for the application of his general morphology. It is surprising that physicists, chemists, biologists, psychologists and sociologists are all engaged in the field of catastrophe theory, but that there has been almost no echo from linguistics. Meanwhile linguistics has evolved in the direction of Rene? Thom's intuitions about an integrated science of language and it has become a necessary task to review, update and elaborate the proposals made by Thom and to embed them in the f 410 0$aPragmatics & beyond ;$v3:5. 606 $aSemantics$xMathematical models 606 $aLanguage and languages$xVariation 606 $aCatastrophes (Mathematics) 608 $aElectronic books. 615 0$aSemantics$xMathematical models. 615 0$aLanguage and languages$xVariation. 615 0$aCatastrophes (Mathematics) 676 $a401.43 676 $a401/.43 700 $aWildgen$b Wolfgang$0214518 801 0$bMiAaPQ 801 1$bMiAaPQ 801 2$bMiAaPQ 906 $aBOOK 912 $a9910457804803321 996 $aCatastrophe theoretic semantics$9606565 997 $aUNINA